Pétain et les français, 1914-1951 / (Record no. 75777)

MARC details
000 -LEADER
campo de control de longitud fija 00496nam a2200157 i 4500
001 - NÚMERO DE CONTROL
campo de control 75777
003 - IDENTIFICADOR DE NÚMERO DE CONTROL
campo de control ES-MaACL
007 - CAMPO FIJO DE DESCRIPCIÓN FÍSICA--INFORMACIÓN GENERAL
campo de control de longitud fija t|
008 - DATOS DE LONGITUD FIJA--INFORMACIÓN GENERAL
campo de control de longitud fija 040927s1974 fr ||||1| fre d
100 1# - ENTRADA PRINCIPAL--NOMBRE DE PERSONA
Nombre de persona Griffiths, Richard.
9 (RLIN) 60012
245 10 - MENCIÓN DEL TÍTULO
Título Pétain et les français, 1914-1951 /
Mención de responsabilidad, etc. Richard Griffiths ; [traduit de l'anglais par Michel Sineux].
260 ## - PUBLICACIÓN, DISTRIBUCIÓN, ETC.
Lugar de publicación, distribución, etc. [Paris] :
Nombre del editor, distribuidor, etc. C. Lévy,
Fecha de publicación, distribución, etc. [1974]
300 ## - DESCRIPCIÓN FÍSICA
Extensión 446 p., 6 lám. ;
Dimensiones 25 cm.
700 1# - ENTRADA AGREGADA--NOMBRE PERSONAL
Nombre de persona Sineux, Michel.
9 (RLIN) 106619
852 ## - LOCALIZACIÓN
Ubicación ES-MaACL
Número de control de estantería E-6602
Sublocalización o colección R.91255
Holdings
Estatus retirado Estado de pérdida Estado de daño No para préstamo Biblioteca de origen Biblioteca actual Ubicación en estantería Fecha de adquisición Fuente de adquisición Total de préstamos Signatura topográfica completa Código de barras Visto por última vez Precio de reemplazo Tipo de ítem Koha
        Biblioteca del Ateneo de Madrid Biblioteca del Ateneo de Madrid Depósito 2 17/01/2008     E-6602 1079314 23/02/2023 23/02/2023 Libro impreso